Laboratorio virtual: el mundo de las orquídeas (Registro nro. 12384)
[ vista simple ]
| 000 -LEADER | |
|---|---|
| fixed length control field | 00556nmm a22002057a 4500 |
| 005 - DATE AND TIME OF LATEST TRANSACTION | |
| control field | 20191002100837.0 |
| 008 - FIXED-LENGTH DATA ELEMENTS--GENERAL INFORMATION | |
| fixed length control field | 190308b xxu||||| |||| 00| 0 spa d |
| 041 ## - LANGUAGE CODE | |
| Language code of text/sound track or separate title | spa |
| 082 ## - CLASIFICACIÓN | |
| Clasificación | 242 DC |
| 100 ## - AUTOR | |
| Autor | Rivas Rossi, Marta |
| 100 ## - AUTOR | |
| Autor | Muñoz, Anabelle |
| 245 ## - TÍTULO | |
| Title | Laboratorio virtual: el mundo de las orquídeas |
| 260 ## - PUBLICATION, DISTRIBUTION, ETC. (IMPRINT) | |
| Place of publication | Costa Rica |
| 260 ## - PUBLICATION, DISTRIBUTION, ETC. (IMPRINT) | |
| Name of publisher | EUNED |
| 650 ## - SUBJECT ADDED ENTRY--TOPICAL TERM | |
| Topical Term | COSTA RICA |
| 650 ## - SUBJECT ADDED ENTRY--TOPICAL TERM | |
| Topical Term | ORQUÍDEAS |
| 650 ## - SUBJECT ADDED ENTRY--TOPICAL TERM | |
| Topical Term | FLORA COSTARRICENSE |
| 650 ## - SUBJECT ADDED ENTRY--TOPICAL TERM | |
| Topical Term | ESPECIFICACIONES DE LA ESPECIE |
| 942 ## - ADDED ENTRY ELEMENTS (KOHA) | |
| Koha item type | Disco Compacto |
| Withdrawn status | Lost status | Damaged status | Not for loan | Home library | Current library | Date acquired | Total Checkouts | Full call number | Accession Number | Date last seen | Koha item type | Price effective from |
|---|---|---|---|---|---|---|---|---|---|---|---|---|
| Retirado | Dañado | Departamento de Biblioteca y Documentación Alfonso Chase Brenes | Departamento de Biblioteca y Documentación Alfonso Chase Brenes | 02/10/2019 | 242 DC | 242ADC | 02/10/2019 | Disco Compacto | ||||
| Retirado | Dañado | Departamento de Biblioteca y Documentación Alfonso Chase Brenes | Departamento de Biblioteca y Documentación Alfonso Chase Brenes | 02/10/2019 | 242 DC | 242BDC | 02/10/2019 | Disco Compacto | 02/10/2019 |